| Tag |
First Indicator |
Second Indicator |
Subfields |
| LEADER |
00000cam a2200000 a 4500 |
| 001 |
in00001069101 |
| 005 |
20150929103254.0 |
| 008 |
920306s1976 dcub d f000 0 eng d |
| 010 |
|
|
|a (DG92064641
|
| 035 |
|
|
|a (OCoLC)25403648
|
| 035 |
|
|
|9 AFP6014AM
|
| 037 |
|
|
|a GAZGNGUINEA
|b DMA
|
| 040 |
|
|
|a DGPO
|c DGPO
|d DLC
|d UtOrBLW
|
| 043 |
|
|
|a f-gv---
|
| 074 |
|
|
|a 617 (MF)
|
| 086 |
0 |
|
|a D 5.319:G 94
|
| 245 |
0 |
0 |
|a Guinea, official standard names approved by the U.S. Board on Geographic Names /
|c prepared in the Office of Geography, Department of the Interior.
|
| 264 |
|
1 |
|a [Washington, D.C.?] :
|b [Defense Mapping Agency],
|c [1976]
|
| 300 |
|
|
|a iv, 175 pages :
|b map ;
|c 21 x 27 cm.
|
| 336 |
|
|
|a text
|b txt
|2 rdacontent
|
| 337 |
|
|
|a unmediated
|b n
|2 rdamedia
|
| 338 |
|
|
|a volume
|b nc
|2 rdacarrier
|
| 500 |
|
|
|a Distributed to depository libraries in microfiche.
|
| 500 |
|
|
|a "June 1965."
|
| 651 |
|
0 |
|a Guinea
|x Gazetteers.
|
| 650 |
|
0 |
|a Names, Geographical
|z Guinea.
|
| 710 |
2 |
|
|a United States Board on Geographic Names.
|
| 710 |
1 |
|
|a United States.
|b Office of Geography.
|
| 710 |
1 |
|
|a United States.
|b Defense Mapping Agency.
|
| 999 |
|
|
|a MARS
|
| 999 |
f |
f |
|s 3b032d0e-bd77-3032-a3d4-bd954420c7c0
|i 3a0a3a24-c053-3c44-9b5d-e27f0db0254b
|t 0
|
| 952 |
f |
f |
|p noncirc
|a Texas A&M University
|b College Station
|c Sterling C. Evans Library
|d Evans: Maps Fiche (2nd floor)
|t 0
|e D 5.319:G 94
|h Superintendent of Documents classification
|i unmediated -- volume
|m A14824681794
|
| 998 |
f |
f |
|a D 5.319:G 94
|t 0
|l Evans: Maps Fiche (2nd floor)
|